[Event "Ruhrgebiet Verbandsklasse Gruppe 2 1718"]
[Site "Germany"]
[Date "2018.01.14"]
[Round "5.8"]
[White "Schroeder, Marcel"]
[Black "Geistmeier, Frank"]
[Result "0-1"]
[WhiteElo "1500"]
[BlackElo "1738"]
[PlyCount "68"]
[EventDate "2017.09.17"]
[EventType "team-tourn"]
[EventRounds "9"]
[EventCountry "GER"]
[SourceTitle "EXT 2022"]
[Source "ChessBase"]
[SourceDate "2021.10.06"]
[SourceVersion "1"]
[SourceVersionDate "2021.10.06"]
[SourceQuality "1"]
[WhiteTeam "Steele/Kray Rochade"]
[BlackTeam "Hoentrop SG"]
[WhiteTeamCountry "GER"]
[BlackTeamCountry "GER"]

1. c4 c5 2. Nf3 Nc6 3. Nc3 Nf6 4. d4 cxd4 5. Nxd4 g6 6. Nxc6 bxc6 7. g3 Bg7 8. Bg2 0-0 9. 0-0 Rb8 10. Rb1 Bb7 11. Bf4 d6 12. Qa4 Qb6 13. Be3 c5 14. b4 Bxg2 15. bxc5 Qc6 16. Qxc6 Bxc6 17. cxd6 exd6 18. Bxa7 Rbc8 19. Rfd1 Ne4 20. Nxe4 Bxe4 21. Rb5 Rxc4 22. f3 Bc6 23. Rb6 Ba4 24. Rdxd6 Bd4+ 25. Rxd4 Rxd4 26. Rxg6+ fxg6 27. Bxd4 Bd1 28. Kf2 Ra8 29. Ke1 Bc2 30. h4 Rxa2 31. e4 Bd3 32. e5 Kf7 33. f4 Ke6 34. Bc3 Rg2 0-1

[Event "Ruhrgebiet Verbandsklasse Gruppe 2 1718"]
[Site "Germany"]
[Date "2017.09.17"]
[Round "1.8"]
[White "Geistmeier, Frank"]
[Black "Bautz, Volker"]
[Result "1/2-1/2"]
[WhiteElo "1738"]
[BlackElo "1823"]
[PlyCount "104"]
[EventDate "2017.09.17"]
[EventType "team-tourn"]
[EventRounds "9"]
[EventCountry "GER"]
[SourceTitle "EXT 2022"]
[Source "ChessBase"]
[SourceDate "2021.10.06"]
[SourceVersion "1"]
[SourceVersionDate "2021.10.06"]
[SourceQuality "1"]
[WhiteTeam "Hoentrop SG"]
[BlackTeam "Bochum SV II"]
[WhiteTeamCountry "GER"]
[BlackTeamCountry "GER"]

1. d4 c5 2. d5 e5 3. dxe6 fxe6 4. e4 d5 5. exd5 exd5 6. Qh5+ g6 7. Qe5+ Qe7 8. Nf3 Bg7 9. Qxe7+ Nxe7 10. c3 0-0 11. Be2 Nbc6 12. 0-0 b6 13. Bg5 Nf5 14. Na3 h6 15. Bb5 Bb7 16. Bf4 d4 17. Bxc6 Bxc6 18. Ne5 Be8 19. h3 Kh7 20. Rad1 dxc3 21. bxc3 Ba4 22. Rc1 Rad8 23. Nb1 Nh4 24. Bg3 Nf5 25. Bh2 Rd5 26. Nf3 Rfd8 27. Rfe1 g5 28. Be5 Bxe5 29. Nxe5 Kg7 30. Nf3 Kf6 31. Kh2 Nd6 32. Nbd2 Re8 33. Rxe8 Bxe8 34. Rd1 Rd3 35. Ne4+ Nxe4 36. Rxd3 Bg6 37. Rd7 Nxc3 38. Rxa7 Nd5 39. Rd7 Ke6 40. Rd8 b5 41. Rh8 Kf6 42. Rc8 c4 43. Rc5 Nc3 44. a3 Be8 45. Nd4 Bd7 46. Kg1 Ke7 47. Nf5+ Ke6 48. Nxh6 Nd5 49. Kf1 Kd6 50. Rxd5+ Kxd5 51. Ke2 Kd4 52. Kd2 Be6 1/2-1/2

[Event "Ruhrgebiet Verbandsklasse Gruppe 3 1617"]
[Site "Germany"]
[Date "2017.04.30"]
[Round "9.8"]
[White "Swosdyk, Peter"]
[Black "Geistmeier, Frank"]
[Result "0-1"]
[WhiteElo "1511"]
[BlackElo "1690"]
[PlyCount "62"]
[EventDate "2016.09.04"]
[EventType "team-tourn"]
[EventRounds "9"]
[EventCountry "GER"]
[SourceTitle "EXT 2022"]
[Source "ChessBase"]
[SourceDate "2021.10.06"]
[SourceVersion "1"]
[SourceVersionDate "2021.10.06"]
[SourceQuality "1"]
[WhiteTeam "Borbeck Weisse Dame II"]
[BlackTeam "Hoentrop SG"]
[WhiteTeamCountry "GER"]
[BlackTeamCountry "GER"]

1. c4 c5 2. Nf3 Nf6 3. d4 cxd4 4. Nxd4 Nc6 5. Nc3 g6 6. Bf4 a6 7. h3 Bg7 8. Nxc6 bxc6 9. Qc2 0-0 10. e3 Bb7 11. Qb3 Qc8 12. Na4 Ra7 13. Nb6 Qd8 14. c5 d6 15. Rd1 Ne8 16. Be2 e5 17. Bg3 d5 18. e4 d4 19. Rd3 Qe7 20. 0-0 a5 21. Rf3 Ba6 22. Bxa6 Rxa6 23. Qc4 Nc7 24. a4 Ra7 25. Rc1 Na6 26. Rb3 Re8 27. f3 Bf8 28. Be1 Nxc5 29. Ra3 Ra6 30. Qxc5 Qxc5 31. Rxc5 Bxc5 0-1